000
00201 a2200097 4500
001
1783
100
_a
Mayer, R.R.
245
_a
Production Management
260
_a
_b
Mcgrawhill
_c
090
_c
1314
_d
1314
942
_a
NUST-CAE
_c
M
_c
3492
999
_c
236856
_d
236856